000 00314nam a2200121Ia 4500
008 240731s9999 xx 000 0 und d
022 _a2159-0850
245 0 _aSouth African Journal of Economic History
260 _bRoutledge
856 _uhttps://www.tandfonline.com/loi/rehd19
942 _2ddc
942 _cTFEJ
999 _c79466
_d79466
945 _a1
_bMadushi Gamage
_c1
_dMadushi Gamage